[Event "POL Olympiad U14"]
[Site "Drzonkow"]
[Date "2017.04.07"]
[Round "8"]
[White "Kucharski, Bartlomiej"]
[Black "Cisek, Kamil"]
[Result "1-0"]
[WhiteElo "1745"]
[BlackElo "1405"]
[PlyCount "93"]
[EventDate "2017.04.02"]
[EventType "swiss"]
[EventRounds "9"]
[EventCountry "POL"]
[SourceTitle "EXT 2020"]
[Source "ChessBase"]
[SourceDate "2019.10.17"]
[SourceVersion "1"]
[SourceVersionDate "2019.10.17"]
[SourceQuality "1"]

1. e4 e5 2. Nf3 Nc6 3. Bc4 Bc5 4. 0-0 Nf6 5. d4 Bxd4 6. Nxd4 Nxd4 7. f4 Nc6 8. Bxf7+ Kxf7 9. fxe5 Nxe5 10. Qd5+ Kf8 11. Qxe5 d6 12. Qd4 Be6 13. Bg5 Kf7 14. Nc3 h6 15. Bxf6 gxf6 16. Rf4 Rg8 17. Raf1 Rg6 18. Nd5 Bxd5 19. exd5 Qh8 20. Re4 Qg7 21. g3 Rxg3+ 22. Kh1 Rg6 23. Qe3 Kf8 24. Re1 Qf7 25. c4 Rg7 26. Qxh6 Kg8 27. Rh4 Qg6 28. Qxg6 Rxg6 29. Rhe4 Rg7 30. Re7 Rxe7 31. Rxe7 Rc8 32. Kg2 b6 33. Kg3 a5 34. Rd7 Re8 35. Kf2 b5 36. cxb5 Re5 37. Rxc7 Rxd5 38. b6 Rd2+ 39. Ke3 Rxh2 40. b7 Rxb2 41. Rc8+ Kf7 42. b8Q Rxb8 43. Rxb8 Ke6 44. Ra8 d5 45. Rxa5 Ke5 46. Ra4 f5 47. Rb4 1-0

[Event "POL Olympiad U14"]
[Site "Drzonkow"]
[Date "2017.04.02"]
[Round "1"]
[White "Cisek, Kamil"]
[Black "Dixa, Oskar"]
[Result "0-1"]
[WhiteElo "1405"]
[BlackElo "1784"]
[PlyCount "74"]
[EventDate "2017.04.02"]
[EventType "swiss"]
[EventRounds "9"]
[EventCountry "POL"]
[SourceTitle "EXT 2020"]
[Source "ChessBase"]
[SourceDate "2019.10.17"]
[SourceVersion "1"]
[SourceVersionDate "2019.10.17"]
[SourceQuality "1"]

1. e4 c5 2. Nc3 Nc6 3. g3 g6 4. Bg2 Bg7 5. d3 e6 6. Be3 d6 7. f4 Nge7 8. Nf3 Nd4 9. 0-0 0-0 10. Qd2 Nec6 11. Nd1 d5 12. e5 Nxf3+ 13. Bxf3 d4 14. Bf2 f6 15. exf6 Bxf6 16. Kh1 e5 17. Rg1 Bg5 18. Bxc6 bxc6 19. fxg5 Qd5+ 20. Rg2 Bh3 21. Bg1 Rf1 22. Qe2 Raf8 23. Qe4 Bxg2+ 24. Qxg2 Re1 25. Qxd5+ cxd5 26. Kg2 Rff1 27. Bf2 Rxd1 28. Rxd1 Rxd1 29. a3 Rd2 30. b4 cxb4 31. axb4 Rxc2 32. Kf3 Kf7 33. g4 Rd2 34. h4 Rxd3+ 35. Ke2 Rb3 36. h5 Rxb4 37. hxg6+ hxg6 0-1

[Event "POL-chT U19 2nd League"]
[Site "Iwonicz"]
[Date "2015.08.01"]
[Round "1.99"]
[White "Cisek, Kamil"]
[Black "Kucharski, Daniel"]
[Result "0-1"]
[WhiteElo "1233"]
[BlackElo "1400"]
[PlyCount "86"]
[EventDate "2015.07.25"]
[EventType "team-swiss"]
[EventRounds "11"]
[EventCountry "POL"]
[SourceTitle "EXT 2019"]
[Source "ChessBase"]
[SourceDate "2018.10.10"]
[SourceVersion "1"]
[SourceVersionDate "2018.10.10"]
[SourceQuality "1"]
[WhiteTeam "Tomaszow Lubelski UKS GIM Dwojka U19"]
[BlackTeam "Czestochowa UKS Hetman U19"]
[WhiteTeamCountry "POL"]
[BlackTeamCountry "POL"]

1. d4 d5 2. c4 e6 3. Nc3 Nf6 4. Bg5 Bb4 5. e3 Nc6 6. a3 Be7 7. Nf3 0-0 8. Bd3 dxc4 9. Bxc4 h6 10. Bh4 a6 11. 0-0 b5 12. Ba2 Bb7 13. Rc1 Rc8 14. b4 Nd5 15. Bxe7 Ncxe7 16. Qd3 Nxc3 17. Rxc3 Bxf3 18. gxf3 Nf5 19. Kh1 Qh4 20. e4 Ne7 21. e5 Rfd8 22. Bb1 Nf5 23. Qe4 Qxe4 24. Bxe4 Nxd4 25. Bb7 Rb8 26. Rxc7 Nc2 27. Rc1 Nxa3 28. Bxa6 Nc4 29. Rc5 Nd2 30. Rc8 Rbxc8 31. Rxc8 Rxc8 32. Bxc8 Nxf3 33. Bd7 Nxe5 34. Bxb5 Kf8 35. Kg2 Ke7 36. f4 Ng4 37. Kf3 f5 38. h3 Nf6 39. Bc4 Kd6 40. Ke3 g5 41. fxg5 hxg5 42. h4 Ng4+ 43. Kf3 Ne5+ 0-1

[Event "POL-chT U19 2nd League"]
[Site "Iwonicz"]
[Date "2015.08.01"]
[Round "8.57"]
[White "Kosinski, Bartosz"]
[Black "Cisek, Kamil"]
[Result "1/2-1/2"]
[WhiteElo "1618"]
[BlackElo "1233"]
[PlyCount "59"]
[EventDate "2015.07.25"]
[EventType "team-swiss"]
[EventRounds "11"]
[EventCountry "POL"]
[SourceTitle "EXT 2019"]
[Source "ChessBase"]
[SourceDate "2018.10.10"]
[SourceVersion "1"]
[SourceVersionDate "2018.10.10"]
[SourceQuality "1"]
[WhiteTeam "Wroclaw MUKS MDK Srodmiescie U19 II"]
[BlackTeam "Tomaszow Lubelski UKS GIM Dwojka U19"]
[WhiteTeamCountry "POL"]
[BlackTeamCountry "POL"]

1. e4 e5 2. Nc3 Bc5 3. Nf3 Nc6 4. Nxe5 Nxe5 5. d4 Bd6 6. dxe5 Bxe5 7. f4 Bxc3+ 8. bxc3 Ne7 9. Bc4 d6 10. 0-0 Nc6 11. Be3 Qe7 12. Qf3 Be6 13. Bd5 0-0 14. Rfe1 Qd7 15. Bxe6 fxe6 16. Bd4 e5 17. Be3 exf4 18. Bxf4 Ne5 19. Qg3 Rae8 20. Rad1 Qf7 21. Bxe5 Rxe5 22. Rf1 Qg6 23. Rxf8+ Kxf8 24. Qf2+ Ke7 25. Qh4+ Kd7 26. Qh3+ Kd8 27. Qh4+ Kd7 28. Qh3+ Kd8 29. Qh4+ Kd7 30. Qh3+ 1/2-1/2

[Event "POL-chT U19 2nd League"]
[Site "Iwonicz"]
[Date "2015.08.01"]
[Round "7.69"]
[White "Kozak, Antoni"]
[Black "Cisek, Kamil"]
[Result "1-0"]
[WhiteElo "1633"]
[BlackElo "1233"]
[PlyCount "71"]
[EventDate "2015.07.25"]
[EventType "team-swiss"]
[EventRounds "11"]
[EventCountry "POL"]
[SourceTitle "EXT 2019"]
[Source "ChessBase"]
[SourceDate "2018.10.10"]
[SourceVersion "1"]
[SourceVersionDate "2018.10.10"]
[SourceQuality "1"]
[WhiteTeam "Malopolski Skoczek Sedziszow U19"]
[BlackTeam "Tomaszow Lubelski UKS GIM Dwojka U19"]
[WhiteTeamCountry "POL"]
[BlackTeamCountry "POL"]

1. e4 e5 2. Nf3 Nc6 3. Bc4 Bc5 4. b4 Bxb4 5. c3 Ba5 6. d4 exd4 7. 0-0 h6 8. cxd4 d6 9. Qb3 Qd7 10. Ba3 Bb6 11. Bb5 Qe7 12. d5 Bd7 13. dxc6 bxc6 14. Bc4 Be6 15. Bxe6 Qxe6 16. Qc3 Kd7 17. Nbd2 f6 18. Rac1 Ne7 19. Rc2 c5 20. Rd1 Ke8 21. Qc4 Qxc4 22. Nxc4 Kf7 23. Kf1 Rab8 24. Rb1 Nc6 25. Ke2 Ba5 26. Rxb8 Rxb8 27. Nxa5 Nxa5 28. Rb2 Rxb2+ 29. Bxb2 Ke6 30. Kd3 d5 31. exd5+ Kxd5 32. Nh4 c4+ 33. Ke3 Ke6 34. Kd4 Kd6 35. Nf5+ Kc6 36. Nxg7 1-0